Statistics for Taylor Swift Songs by Bridges

Click here to take the quiz!

General Stats

  • This quiz has been taken 5,904 times
    (5,881 since last reset)
  • The average score is 12 of 15

Answer Stats

AlbumBridgeSong% Correct
1989Boys only want love if it's torture /
Don't say I didn't, say I didn't warn ya
Blank Space
98%
ReputationWe were jet-set Bonnie and Clyde /
Until I switched to the other side /
To the other side /
It's no surprise, I
turned you in /
'Cause us traitors never win
Getaway Car
94%
RedWell maybe we got lost in translation /
Maybe I asked for too much /
But maybe this thing was a masterpiece /
'Til you tore it all up
All Too Well
90%
1989You'll see me in hindsight /
Tangled up with you
all night /
Burnin' it down /
Someday, when you leave me/
I bet these memories /
Follow you around
Wildest Dreams
88%
Speak Now
You are an expert at "Sorry"/
And keeping lines blurry /
Never impressed by me acing your tests /
All the girls that you've run dry/
Have tired lifeless eyes /
'Cause you've burned them out /
But I took your matches /
Before fire could catch me /
So, don't look now /
I'm shining like fireworks /
Over your sad empty town
Dear John
83%
FolkloreI was walking home on broken cobblestones /
Just thinking of you when she pulled up /
Like a figment of my worst intentions /
She said "James, get in, let's drive" /
Those days turned into nights/
Slept next to her but /
I dreamt of you all summer long
Betty
82%
ReputationHere's a toast to my real friends /
They don't care about the he-said, she-said /
And here's to my baby /
He ain't reading what they call me lately /
And here's to my mama /
Had to listen to all this drama /
And here's to you /
'Cause forgiveness is a nice thing to do
(Haha, I can't even say it with a straight face)
This Is Why We Can't Have Nice Things
82%
LoverMy heart, my hips, my body, my love /
Tryna find a part of me that you didn't touch /
Gave up on me like I was a bad drug /
Now I'm searching for signs in a haunted club
Death by a Thousand Cuts
81%
FolkloreDon't call me "kid" /
Don't call me "baby" /
Look at this godforsaken mess that you made me /
You showed me colors you know I can't see with anyone else
Illicit Affairs
78%
FearlessSo dignified in your well-pressed suit /
So strategized, all the eyes on you /
Sashay away to your seat /
It's the best seat, in the best room /
Oh, he's so smug, Mr. "Always wins" /
So far above me in every sense /
So far above feeling anything
Mr. Perfectly Fine
77%
Speak NowAnd I remember that fight /
Two-thirty AM /
As everything was slipping right out of our hands /
I ran out crying and you followed me out into the street/
Braced myself for the "Goodbye" /
'Cause that's all I've ever known /
Then you took me
by surprise /
You said, "I'll never leave you alone."
Mine
72%
FearlessAnd if you're missing me /
You'd better keep it to yourself /
'Cause coming back around here /
Would be bad for your health /
Picture to Burn
70%
Speak NowSo I'll watch your life in pictures like I used to watch you sleep /
And I feel you forget me like I used to feel you breathe /
And I keep up with our old friends just to ask them how you are /
Hope it's nice where you are
Last Kiss
62%
EvermoreThe autumn chill that wakes me up /
You loved the amber skies so much /
Long limbs and frozen swims /
You'd always go past where our feet could touch
Marjorie
59%
Taylor SwiftSo, I drive home alone /
As I turn out the light /
I'll put his picture down /
And maybe get some sleep tonight
Teardrops on my Guitar
52%

Score Distribution

Percentile by Number Answered

Percent of People with Each Score

Your Score History

You have not taken this quiz since the last reset